[Event "Slovacky op"]
[Site "Stare Mesto"]
[Date "2011.06.17"]
[Round "7.12"]
[White "Stuchly, Ondrej"]
[Black "Pikner, Jindrich"]
[Result "1-0"]
[WhiteElo "1594"]
[BlackElo "1686"]
[PlyCount "101"]
[EventDate "2011.04.29"]
[EventType "swiss"]
[EventRounds "8"]
[EventCountry "CZE"]
[SourceTitle "EXT 2012"]
[Source "ChessBase"]
[SourceDate "2011.11.24"]
[SourceVersion "1"]
[SourceVersionDate "2011.11.24"]
[SourceQuality "1"]

1. e4 e5 2. Nf3 Nf6 3. d4 exd4 4. e5 Qe7 5. Be2 Ne4 6. Qxd4 Qb4+ 7. c3 Nc6 8. cxb4 Nxd4 9. Nxd4 Bxb4+ 10. Nd2 Ba5 11. N4b3 Nxd2 12. Bxd2 Bb6 13. Bc3 0-0 14. Bd4 Re8 15. f4 d6 16. Bxb6 axb6 17. exd6 Bg4 18. Nc1 cxd6 19. Kf2 Be6 20. Rd1 Red8 21. Bf3 d5 22. Nb3 f6 23. Nd4 Bf7 24. a3 Rac8 25. Rac1 g6 26. Ke3 f5 27. Kd2 Rc4 28. Rxc4 dxc4 29. Kc3 Re8 30. Nc2 Re7 31. Bd5 b5 32. Bxf7+ Kxf7 33. Nd4 Re3+ 34. Kb4 Ke7 35. Rd2 Kf6 36. Nxb5 Rd3 37. Rxd3 cxd3 38. Kc3 Ke6 39. Kxd3 h6 40. Kd4 b6 41. Nc3 g5 42. fxg5 hxg5 43. Nd5 f4 44. Nxb6 Kf5 45. a4 Kg4 46. Ke4 f3 47. gxf3+ Kh3 48. a5 Kxh2 49. a6 Kg3 50. a7 Kh4 51. a8Q 1-0

[Event "Slovacky op"]
[Site "Stare Mesto"]
[Date "2011.06.03"]
[Round "5.14"]
[White "Nemec, Pavel"]
[Black "Pikner, Jindrich"]
[Result "1-0"]
[WhiteElo "2233"]
[BlackElo "1686"]
[PlyCount "113"]
[EventDate "2011.04.29"]
[EventType "swiss"]
[EventRounds "8"]
[EventCountry "CZE"]
[SourceTitle "EXT 2012"]
[Source "ChessBase"]
[SourceDate "2011.11.24"]
[SourceVersion "1"]
[SourceVersionDate "2011.11.24"]
[SourceQuality "1"]

1. e4 d5 2. exd5 Qxd5 3. Nc3 Qa5 4. Nf3 Bg4 5. h3 Bh5 6. Bc4 c6 7. 0-0 Nd7 8. d4 e5 9. dxe5 Qc7 10. Re1 0-0-0 11. Bf4 Nc5 12. Qe2 Ne6 13. Bxe6+ fxe6 14. Qc4 Re8 15. Ng5 Qe7 16. Nce4 Qb4 17. Qxb4 Bxb4 18. c3 Ba5 19. Nd6+ Kd7 20. Nxe8 Bxe8 21. Rad1+ Ke7 22. Ne4 h6 23. Nd6 g5 24. Be3 Bd7 25. Bc5 Bb6 26. Nxb7+ Ke8 27. Nd6+ Kf8 28. Nb7+ Ke8 29. Bd6 Rh7 30. Nc5 Rf7 31. g4 Ne7 32. Bxe7 Rxe7 33. Ne4 Bc7 34. Nd6+ Kf8 35. Re3 Kg7 36. Rf3 a6 37. Rf6 c5 38. f4 Bxd6 39. Rxd6 gxf4 40. Rxf4 a5 41. Rc4 Rf7 42. Kg2 Bb5 43. Rxc5 Bf1+ 44. Kg3 Be2 45. Rxe6 h5 46. Rf6 Rd7 47. gxh5 Bxh5 48. Rxa5 Rd3+ 49. Kh4 Be8 50. Ra7+ Bd7 51. e6 Kxf6 52. Rxd7 Re3 53. e7 Re4+ 54. Kg3 Re3+ 55. Kg4 Re4+ 56. Kf3 Rh4 57. e8Q 1-0